LEADER 01030nam a2200277 u 4500 001 000000087184 003 CaOOAMICUS 005 20070226124359.0 008 051010s1992 it u000 u ita u 020 $a8816430117 035 $a11062717 040 $aPUL(R)$bita 100 1 $aReale, Giovanni,$d1931-2014.$0(OLS)http://pul/name/667 245 10$aFilosofia antica /$cGiovanni Reale. 260 $aMilano :$bJaca Book,$cc1992. 300 $a78 p. ;$c19 cm 490 1 $aEDO ;$v11 504 $a"Bibliografia" : p. 67-74. 650 4$aFilosofia$xStoria$xSaggi.$0(OLS)http://pul/subject/27764 830 0$aEDO ;$v11.$0(OLS)http://pul/title/63747 850 $aPUL 852 $aPUL$W1$xDP1 Fondo Cecchetti$y53$m298 C 40$j110582$nBK-PRI$b $qFondi$B110582$CPULBib$Z2$F110582 $HPUL69366 $81 941 1 $a1 996 $6020$a8816430117$9(OLS)http://pul/number/114923 996 $6245$aFilosofia antica$9(OLS)http://pul/title/112856 996 $6260$aMilano :$bJaca Book$9(OLS)http://pul/publisher/47900 LEADER 01090nam a2200253 u 4500 001 000000089139 003 CaOOAMICUS 005 20070226124603.0 008 051111s1961 it u000 u ita u 035 $a11068239 040 $aPUL(R)$bita 100 1 $aMichelini, Vittorio M.,$cbarnabita,$d1917-1987.$0(OLS)http://pul/name/57813 245 10$aCorso di esercizi per sacerdoti e religiosi /$cP. Vittorio Michelini. 260 $aAlba :$bEdizioni Paoline,$c1961. 300 $a454 p. ;$c22 cm 490 1 $aCollana pastorale.$aMagisterium ;$v13 504 $aInclude riferimenti bibliografici. 650 4$aEsercizi spirituali.$0(OLS)http://pul/subject/14297 830 0$aCollana pastorale.$pMagisterium ;$v13.$0(OLS)http://pul/title/35597 850 $aPUL 852 $aPUL$W1$xDP1 Fondo Pastorale$y55$mP9 F 26$j112763$nBK-PRI$b $qFondi$B112763$CPULBib$Z2$F112763 $HPUL1598 $81 941 1 $a1 996 $6245$aCorso di esercizi per sacerdoti e religiosi$9(OLS)http://pul/title/115136 996 $6260$aAlba :$bEdizioni Paoline$9(OLS)http://pul/publisher/48140